Polskie firmy z największym przychodem - Statystyki

Ogólne statystyki
  • Ten quiz został rozwiązany 6 razy
  • Średni wynik to 8 z 15
Statystyki odpowiedzi
Przychód Firma % Poprawnych
294,9 mld zł Orlen
100%
29,27 mld zł Dino Polska
80%
64,48 mld zł PGE
80%
32,13 mld zł PKO Bank Polski
80%
35,3 mld zł KGHM
60%
17,13 mld zł Santander Bank Polska
60%
32,54 mld zł Tauron
60%
23,8 mld zł Żabka
60%
17,3 mld zł Asseco Poland
40%
32,97 mld zł Enea
40%
29,4 mld zł PZU
40%
32,24 mld zł Eurocash (ABC,Groszek, Lewiatan)
20%
19,73 mld zł Inter Cars
20%
20,2 mld zł LPP (Reserved, House,Sinsay, Cropp, Mohito)
20%
69 mld zł Totalizator Sportowy
20%
Nie znaleziono quizów pasujących do podanych kryteriów
Rozkład punktacji
Procent ludzi z każdym wynikiem
Percentyl według liczby udzielonych odpowiedzi
Twoja historia wyników
Nie rozwiązałeś tego quizu